Islamic Response to Imperialism (Record no. 8204)

MARC details
000 -LEADER
fixed length control field 00702nam a2200253 a 4500
020 ## - INTERNATIONAL STANDARD BOOK NUMBER
ISBN 0520745
082 00 - DEWEY DECIMAL CLASSIFICATION NUMBER
Classification number 181.07
Author Cutter KED
100 ## - MAIN ENTRY--AUTHOR NAME
Author name Keddie, Nikki R
245 ## - TITLE STATEMENT
Title Islamic Response to Imperialism
Sub title Political and Religious Writings of Say
260 ## - PUBLICATION, DISTRIBUTION, ETC. (IMPRINT)
Place of publication Berkeley
Name of publisher University of California Press
Year of publication 1983
300 ## - PHYSICAL DESCRIPTION
Number of Pages 212p
500 ## - GENERAL NOTE
General note includes index and biblioraphy
505 2# - FORMATTED CONTENTS NOTE
Formatted contents note Bibliography, Index
650 ## - SUBJECT ADDED ENTRY--TOPICAL TERM
Topical Term Philosophy-Islamic
650 ## - SUBJECT ADDED ENTRY--TOPICAL TERM
Topical Term Islam and Politics
942 ## - ADDED ENTRY ELEMENTS (KOHA)
Koha item type Books
700 1# -
-- Keddie, Nikki R
Holdings
Home library Current library Date acquired Cost, normal purchase price Full call number Accession Number Koha item type
Henry Martyn Institute Library Henry Martyn Institute Library 09/16/2013 318.50 181.07 KED 014746 E-Books
                   Copyright © 2026 | Henry Martyn Institute | Hyderabad | TS-500052 | INDIA | Implemented by hmi.edu.in
Hit-Count:

Powered by Koha